| 000 | 01507nam a2200241Ia 4500 | ||
|---|---|---|---|
| 003 | Ost | ||
| 005 | 20260416102352.0 | ||
| 008 | 260416s9999||||xx |||||||||||||| ||und|| | ||
| 040 | _cfsecg | ||
| 041 | _aara | ||
| 082 | _a657.46 | ||
| 100 |
_aبن ربيع، حنيفة _eمؤلف |
||
| 245 | 0 |
_a المحاسبة المالية والمعمقة : _bمطبوعة دروس وتطبيقات محلولة / _c حنيفة بن ربيع |
|
| 260 |
_aالجزائر _bجامعة الجزائر3: كلية العلوم الإقتصادية، العلوم التجارية وعلوم التسيير _c2017 |
||
| 300 |
_a93 ورقة _bايضاحات _c30 سم |
||
| 504 | _aمراجع ص.93 | ||
| 520 | _aمراجعة حول الفواتير، محاسبة الغلافات التجارية، تطبيقات محلولة حول الغلافات التجارية، محاسبة الأوراق التجارية، تطبيقات محلولة حول الأوراق التجارية، محاسبة الأجور، تطبيقات محلولة حول محاسبة الأجور، محاسبة العقود الطويلة الأجل، تطبيقات محلولة حول العقود الطويلة الأجل. | ||
| 653 | _aالأجور | ||
| 653 | _aالاوراق التجارية | ||
| 653 | _aالمحاسبة التحليلية | ||
| 710 |
_aجامعة الجزائر3: كلية العلوم الإقتصادية، العلوم التجارية وعلوم التسيير _eناشر علمي |
||
| 942 | _cHANDOUT | ||
| 999 |
_c41054 _d41054 |
||